[Event "Irena Warakomska Memorial A"]
[Site "Suwalki"]
[Date "2021.07.30"]
[Round "5"]
[White "Paprocki, Jaroslaw"]
[Black "Renkowski, Piotr"]
[Result "1/2-1/2"]
[Board "24"]
[WhiteElo "2231"]
[WhiteCountry "POL"]
[WhiteFideId "1122274"]
[WhiteEloChange "-2"]
[BlackElo "2150"]
[BlackCountry "POL"]
[BlackFideId "1114166"]
[BlackEloChange "2"]

1. d4 {[%clk 1:27:19]} d5 {[%clk 1:30:36]} 2. Nf3 {[%clk 1:27:42]} Nf6 {[%clk
1:30:56]} 3. c4 {[%clk 1:27:33]} e6 {[%clk 1:30:37]} 4. Nc3 {[%clk 1:25:53]} c6
{[%clk 1:29:46]} 5. Bg5 {[%clk 1:25:51]} Nbd7 {[%clk 1:29:54]} 6. e3 {[%clk
1:26:04]} Be7 {[%clk 1:29:46]} 7. cxd5 {[%clk 1:24:10]} Nxd5 {[%clk 1:28:23]} 8.
Bxe7 {[%clk 1:24:24]} Qxe7 {[%clk 1:27:44]} 9. Rc1 {[%clk 1:22:39]} O-O {[%clk
1:26:58]} 10. Be2 {[%clk 1:22:33]} Nxc3 {[%clk 1:26:30]} 11. Rxc3 {[%clk
1:22:54]} e5 {[%clk 1:24:36]} 12. dxe5 {[%clk 1:22:44]} Nxe5 {[%clk 1:24:58]} 13.
Nd4 {[%clk 1:23:04]} c5 {[%clk 1:20:45]} 14. Nf3 {[%clk 1:21:36]} Nxf3+ {[%clk
1:08:29]} 15. Bxf3 {[%clk 1:21:56]} Be6 {[%clk 1:08:54]} 16. Qc2 {[%clk 1:16:45]}
Rac8 {[%clk 1:07:54]} 17. Be2 {[%clk 1:13:04]} a6 {[%clk 0:54:48]} 18. Bc4 {[%clk
1:08:52]} b5 {[%clk 0:52:29]} 19. Bxe6 {[%clk 1:09:09]} Qxe6 {[%clk 0:52:57]} 20.
b3 {[%clk 1:07:35]} c4 {[%clk 0:50:43]} 21. O-O {[%clk 1:07:27]} cxb3 {[%clk
0:50:17]} 22. axb3 {[%clk 1:07:38]} b4 {[%clk 0:47:52]} 23. Rxc8 {[%clk 1:07:51]}
Rxc8 {[%clk 0:48:21]} 24. Qd3 {[%clk 1:08:14]} h6 {[%clk 0:47:22]} 25. Rb1 {[%clk
1:07:08]} Rc3 {[%clk 0:45:34]} 26. Qd8+ {[%clk 1:07:11]} Kh7 {[%clk 0:46:02]} 27.
Qd1 {[%clk 1:07:33]} a5 {[%clk 0:43:30]} 28. g3 {[%clk 1:07:38]} g6 {[%clk
0:42:11]} 29. Kg2 {[%clk 1:03:13]} h5 {[%clk 0:38:02]} 30. h4 {[%clk 1:02:58]}
Qe4+ {[%clk 0:26:13]} 31. Qf3 {[%clk 1:02:45]} Qe6 {[%clk 0:26:17]} 32. Qd1
{[%clk 1:01:01]} Qe5 {[%clk 0:25:52]} 33. Qd4 {[%clk 0:55:31]} Qf5 {[%clk
0:18:55]} 34. Qf4 {[%clk 0:54:23]} Qe6 {[%clk 0:17:49]} 35. Ra1 {[%clk 0:50:50]}
Qd5+ {[%clk 0:05:39]} 36. e4 {[%clk 0:49:15]} Qxb3 {[%clk 0:05:01]} 37. Rxa5
{[%clk 0:49:32]} Rc8 {[%clk 0:02:48]} 38. Rd5 {[%clk 0:43:45]} Kg8 {[%clk
0:02:46]} 39. g4 {[%clk 0:43:51]} hxg4 {[%clk 0:01:09]} 40. Qxg4 {[%clk 1:14:14]}
Re8 {[%clk 0:30:45]} 41. h5 {[%clk 1:12:17]} Qc4 {[%clk 0:27:41]} 42. hxg6 {[%clk
1:10:28]} Qxe4+ {[%clk 0:28:05]} 1/2-1/2

[Event "Irena Warakomska Memorial A"]
[Site "Suwalki"]
[Date "2021.07.30"]
[Round "5"]
[White "Golenia, Wojciech"]
[Black "Mulet, Piotr"]
[Result "1/2-1/2"]
[Board "25"]
[WhiteElo "2102"]
[WhiteCountry "POL"]
[WhiteFideId "1175300"]
[WhiteEloChange "3"]
[BlackElo "2215"]
[BlackTitle "FM"]
[BlackCountry "POL"]
[BlackFideId "1106244"]
[BlackEloChange "-3"]

1. d4 {[%clk 1:30:55]} Nf6 {[%clk 1:30:49]} 2. Bg5 {[%clk 1:31:19]} d5 {[%clk
1:29:35]} 3. e3 {[%clk 1:30:48]} Nbd7 {[%clk 1:27:40]} 4. Nf3 {[%clk 1:30:01]} e6
{[%clk 1:27:58]} 5. Nbd2 {[%clk 1:29:59]} Be7 {[%clk 1:28:03]} 6. Bd3 {[%clk
1:29:45]} O-O {[%clk 1:27:54]} 7. O-O {[%clk 1:24:33]} c5 {[%clk 1:28:12]} 8. c3
{[%clk 1:24:15]} b6 {[%clk 1:28:02]} 9. Ne5 {[%clk 1:01:46]} Nxe5 {[%clk
1:26:26]} 10. dxe5 {[%clk 1:01:50]} Nd7 {[%clk 1:26:28]} 11. Bf4 {[%clk 1:01:12]}
g6 {[%clk 1:14:45]} 12. Bg3 {[%clk 0:56:47]} f6 {[%clk 1:09:42]} 13. exf6 {[%clk
0:52:16]} Bxf6 {[%clk 1:08:53]} 14. Nf3 {[%clk 0:44:15]} Bb7 {[%clk 1:06:55]} 15.
Bb5 {[%clk 0:40:24]} a6 {[%clk 1:05:13]} 16. Bxd7 {[%clk 0:40:20]} Qxd7 {[%clk
1:05:40]} 17. Ne5 {[%clk 0:39:58]} Qg7 {[%clk 1:01:14]} 18. f4 {[%clk 0:39:11]}
Bxe5 {[%clk 0:55:49]} 19. fxe5 {[%clk 0:39:33]} Rxf1+ {[%clk 0:55:09]} 20. Qxf1
{[%clk 0:38:11]} Rf8 {[%clk 0:55:26]} 21. Qd1 {[%clk 0:33:44]} Qd7 {[%clk
0:55:00]} 22. Bh4 {[%clk 0:29:21]} Rf5 {[%clk 0:49:46]} 23. Bf6 {[%clk 0:27:50]}
d4 {[%clk 0:49:54]} 24. cxd4 {[%clk 0:17:12]} Qc6 {[%clk 0:47:26]} 25. d5 {[%clk
0:15:47]} Qxd5 {[%clk 0:46:56]} 26. e4 {[%clk 0:14:19]} Qxd1+ {[%clk 0:46:54]}
27. Rxd1 {[%clk 0:14:44]} Bxe4 {[%clk 0:47:19]} 28. Rd6 {[%clk 0:10:06]} Bd5
{[%clk 0:46:44]} 29. Rxb6 {[%clk 0:09:38]} Bxa2 {[%clk 0:47:08]} 30. h4 {[%clk
0:06:31]} h5 {[%clk 0:46:34]} 31. Rxa6 {[%clk 0:06:45]} Bd5 {[%clk 0:46:52]} 32.
Ra7 {[%clk 0:06:07]} Rf4 {[%clk 0:47:07]} 33. Rg7+ {[%clk 0:06:08]} Kf8 {[%clk
0:47:31]} 34. Rd7 {[%clk 0:01:24]} 1/2-1/2

[Event "Irena Warakomska Memorial A"]
[Site "Suwalki"]
[Date "2021.07.30"]
[Round "5"]
[White "Kozlowski, Michal"]
[Black "Shilov, Sergej"]
[Result "0-1"]
[Board "26"]
[WhiteElo "2043"]
[WhiteCountry "POL"]
[WhiteFideId "21838194"]
[WhiteEloChange "-6"]
[BlackElo "2197"]
[BlackTitle "FM"]
[BlackCountry "UKR"]
[BlackFideId "14101505"]
[BlackEloChange "6"]

1. e4 {[%clk 1:30:57]} e5 {[%clk 1:29:26]} 2. Nf3 {[%clk 1:31:22]} Nc6 {[%clk
1:29:52]} 3. Bb5 {[%clk 1:31:08]} f5 {[%clk 1:30:04]} 4. d3 {[%clk 1:31:33]} fxe4
{[%clk 1:30:18]} 5. dxe4 {[%clk 1:32:01]} Nf6 {[%clk 1:30:41]} 6. O-O {[%clk
1:28:22]} Bc5 {[%clk 1:27:52]} 7. Bxc6 {[%clk 1:28:45]} bxc6 {[%clk 1:28:20]} 8.
Nxe5 {[%clk 1:29:08]} O-O {[%clk 1:28:25]} 9. Nd3 {[%clk 1:28:07]} Nxe4 {[%clk
1:27:18]} 10. Nxc5 {[%clk 1:22:38]} Nxc5 {[%clk 1:27:45]} 11. Be3 {[%clk
1:23:02]} Ne6 {[%clk 1:27:53]} 12. Nd2 {[%clk 1:23:04]} Qf6 {[%clk 1:23:18]} 13.
f4 {[%clk 1:16:31]} Ba6 {[%clk 1:16:15]} 14. Rf2 {[%clk 1:16:55]} d5 {[%clk
1:14:27]} 15. Nb3 {[%clk 1:09:31]} Rae8 {[%clk 1:00:11]} 16. c3 {[%clk 0:58:19]}
Qf5 {[%clk 0:45:41]} 17. Nd4 {[%clk 0:33:03]} Qe4 {[%clk 0:45:33]} 18. Qf3 {[%clk
0:32:22]} Ng5 {[%clk 0:43:03]} 19. Qxe4 {[%clk 0:23:11]} Nxe4 {[%clk 0:43:18]}
20. Rc2 {[%clk 0:23:29]} c5 {[%clk 0:42:20]} 21. Nf3 {[%clk 0:16:52]} Bd3 {[%clk
0:39:34]} 22. Rcc1 {[%clk 0:17:15]} Nxc3 {[%clk 0:34:25]} 23. Rxc3 {[%clk
0:15:53]} Rxe3 {[%clk 0:34:48]} 24. Rxc5 {[%clk 0:12:17]} Re2 {[%clk 0:26:21]}
25. Rxc7 {[%clk 0:08:39]} Rxf4 {[%clk 0:23:10]} 26. Rxa7 {[%clk 0:07:18]} h6
{[%clk 0:21:40]} 27. h3 {[%clk 0:01:00]} Rxb2 {[%clk 0:21:34]} 28. Rc1 {[%clk
0:00:34]} Bc4 {[%clk 0:20:41]} 29. a4 {[%clk 0:00:39]} Rf6 {[%clk 0:20:13]} 30.
Ne5 {[%clk 0:00:34]} Rff2 {[%clk 0:19:54]} 31. Nxc4 {[%clk 0:00:58]} Rxg2+ {[%clk
0:20:00]} 32. Kh1 {[%clk 0:01:27]} dxc4 {[%clk 0:18:36]} 33. Rxc4 {[%clk
0:01:56]} Rh2+ {[%clk 0:17:54]} 34. Kg1 {[%clk 0:02:25]} Rbg2+ {[%clk 0:17:57]}
35. Kf1 {[%clk 0:02:52]} Ra2 {[%clk 0:17:35]} 36. Kg1 {[%clk 0:03:07]} Rhd2
{[%clk 0:16:55]} 37. Rf4 {[%clk 0:02:32]} Rd1+ {[%clk 0:16:54]} 38. Rf1 {[%clk
0:03:00]} Rxf1+ {[%clk 0:17:06]} 39. Kxf1 {[%clk 0:03:29]} Rh2 {[%clk 0:17:35]}
40. Kg1 {[%clk 0:30:44]} Rxh3 {[%clk 0:47:55]} 41. Kg2 {[%clk 0:29:44]} Ra3
{[%clk 0:48:14]} 42. a5 {[%clk 0:29:14]} Kh7 {[%clk 0:48:23]} 43. Ra6 {[%clk
0:29:04]} h5 {[%clk 0:48:17]} 44. Ra8 {[%clk 0:29:18]} Kg6 {[%clk 0:46:31]} 45.
Ra7 {[%clk 0:28:28]} Kh6 {[%clk 0:45:47]} 46. a6 {[%clk 0:28:25]} h4 {[%clk
0:43:35]} 47. Ra8 {[%clk 0:28:05]} Kh5 {[%clk 0:42:29]} 48. Rg8 {[%clk 0:27:55]}
g5 {[%clk 0:42:39]} 49. Ra8 {[%clk 0:28:22]} Kg4 {[%clk 0:42:57]} 50. a7 {[%clk
0:28:29]} Ra2+ {[%clk 0:43:03]} 51. Kf1 {[%clk 0:28:42]} h3 {[%clk 0:41:45]} 52.
Ke1 {[%clk 0:28:45]} h2 {[%clk 0:40:48]} 53. Rh8 {[%clk 0:29:08]} Kg3 {[%clk
0:40:53]} 0-1

[Event "Irena Warakomska Memorial A"]
[Site "Suwalki"]
[Date "2021.07.30"]
[Round "5"]
[White "Warchol, Kamil"]
[Black "Parol, Pawel"]
[Result "1/2-1/2"]
[Board "27"]
[WhiteElo "2183"]
[WhiteTitle "CM"]
[WhiteCountry "POL"]
[WhiteFideId "21858241"]
[WhiteEloChange "-1"]
[BlackElo "2144"]
[BlackCountry "POL"]
[BlackFideId "1119826"]
[BlackEloChange "1"]

1. e4 {[%clk 1:30:45]} e6 {[%clk 1:30:39]} 2. d4 {[%clk 1:30:44]} d5 {[%clk
1:31:00]} 3. Nd2 {[%clk 1:30:47]} c5 {[%clk 1:30:10]} 4. exd5 {[%clk 1:30:09]}
Qxd5 {[%clk 1:29:23]} 5. dxc5 {[%clk 1:30:04]} Nf6 {[%clk 1:28:23]} 6. Ngf3
{[%clk 1:27:18]} Qxc5 {[%clk 1:19:46]} 7. Bd3 {[%clk 1:16:38]} Be7 {[%clk
1:10:38]} 8. O-O {[%clk 1:07:14]} O-O {[%clk 1:03:13]} 9. c3 {[%clk 1:01:32]} Rd8
{[%clk 0:51:41]} 10. Qc2 {[%clk 0:58:39]} Qc7 {[%clk 0:43:10]} 11. Nd4 {[%clk
0:49:28]} a6 {[%clk 0:32:43]} 12. a4 {[%clk 0:42:11]} Nbd7 {[%clk 0:30:07]} 13.
a5 {[%clk 0:38:37]} Ne5 {[%clk 0:25:17]} 14. f4 {[%clk 0:34:42]} Nxd3 {[%clk
0:22:51]} 15. Qxd3 {[%clk 0:35:11]} Bd7 {[%clk 0:20:37]} 16. N2f3 {[%clk
0:28:54]} Bc6 {[%clk 0:16:47]} 17. Qc4 {[%clk 0:24:59]} Rac8 {[%clk 0:13:10]} 18.
Nxc6 {[%clk 0:22:56]} Qxc6 {[%clk 0:13:25]} 19. Qxc6 {[%clk 0:19:55]} Rxc6 {[%clk
0:13:45]} 20. Re1 {[%clk 0:17:35]} Nd5 {[%clk 0:05:58]} 21. Bd2 {[%clk 0:13:12]}
Bc5+ {[%clk 0:05:10]} 22. Kf1 {[%clk 0:13:03]} h6 {[%clk 0:01:27]} 23. Rad1
{[%clk 0:11:08]} Ba7 {[%clk 0:01:44]} 24. Ne5 {[%clk 0:10:13]} Rcd6 {[%clk
0:01:40]} 25. Nc4 {[%clk 0:08:00]} R6d7 {[%clk 0:01:49]} 26. Bc1 {[%clk 0:06:55]}
Ne7 {[%clk 0:00:59]} 27. Rxd7 {[%clk 0:06:15]} Rxd7 {[%clk 0:01:27]} 28. Ke2
{[%clk 0:06:09]} Kf8 {[%clk 0:00:43]} 29. Rd1 {[%clk 0:05:55]} Rxd1 {[%clk
0:01:01]} 30. Kxd1 {[%clk 0:06:24]} Nc6 {[%clk 0:00:47]} 31. b4 {[%clk 0:05:51]}
Ke7 {[%clk 0:00:45]} 32. Ke2 {[%clk 0:06:00]} Bg1 {[%clk 0:00:31]} 33. h3 {[%clk
0:04:38]} Kd7 {[%clk 0:00:55]} 34. Be3 {[%clk 0:04:59]} Bxe3 {[%clk 0:01:18]} 35.
Kxe3 {[%clk 0:05:28]} f6 {[%clk 0:00:46]} 36. Nb6+ {[%clk 0:03:28]} Kd6 {[%clk
0:00:55]} 37. Na4 {[%clk 0:03:30]} Ne7 {[%clk 0:00:38]} 38. g3 {[%clk 0:02:31]}
Kd5 {[%clk 0:00:32]} 39. Kd3 {[%clk 0:01:24]} Nf5 {[%clk 0:00:33]} 40. g4 {[%clk
0:31:39]} Nd6 {[%clk 0:30:32]} 41. c4+ {[%clk 0:29:31]} Kc6 {[%clk 0:29:12]} 42.
Nb6 {[%clk 0:19:29]} g5 {[%clk 0:19:53]} 43. Ke3 {[%clk 0:18:10]} f5 {[%clk
0:15:06]} 44. Kf3 {[%clk 0:12:37]} Ne4 {[%clk 0:09:25]} 45. Ke3 {[%clk 0:11:25]}
Nd6 {[%clk 0:02:33]} 46. Kf3 {[%clk 0:11:18]} Ne4 {[%clk 0:02:51]} 47. Ke3 {[%clk
0:11:15]} Nd6 {[%clk 0:02:18]} 1/2-1/2

[Event "Irena Warakomska Memorial A"]
[Site "Suwalki"]
[Date "2021.07.30"]
[Round "5"]
[White "Jankowiak, Piotr"]
[Black "Juknis, Paulius"]
[Result "0-1"]
[Board "28"]
[WhiteElo "2039"]
[WhiteCountry "POL"]
[WhiteFideId "1185250"]
[WhiteEloChange "-6"]
[BlackElo "2172"]
[BlackCountry "LTU"]
[BlackFideId "12802247"]
[BlackEloChange "6"]

1. d4 {[%clk 1:30:57]} Nf6 {[%clk 1:30:43]} 2. Bf4 {[%clk 1:30:39]} g6 {[%clk
1:30:44]} 3. Nc3 {[%clk 1:31:02]} d5 {[%clk 1:30:59]} 4. e3 {[%clk 1:31:27]} Bg7
{[%clk 1:31:17]} 5. h4 {[%clk 1:31:51]} h5 {[%clk 1:31:39]} 6. Nf3 {[%clk
1:32:02]} O-O {[%clk 1:31:36]} 7. Ne5 {[%clk 1:31:59]} c5 {[%clk 1:31:58]} 8. Qd2
{[%clk 1:27:43]} cxd4 {[%clk 1:31:12]} 9. exd4 {[%clk 1:27:25]} Nc6 {[%clk
1:31:01]} 10. f3 {[%clk 1:13:33]} Bf5 {[%clk 1:24:12]} 11. Be2 {[%clk 0:54:29]}
Rc8 {[%clk 1:14:12]} 12. a3 {[%clk 0:32:25]} a6 {[%clk 1:03:21]} 13. Rg1 {[%clk
0:26:32]} e6 {[%clk 0:43:49]} 14. Nxc6 {[%clk 0:19:50]} Rxc6 {[%clk 0:44:07]} 15.
Bd3 {[%clk 0:19:30]} Bxd3 {[%clk 0:41:41]} 16. Qxd3 {[%clk 0:19:38]} Nh7 {[%clk
0:37:48]} 17. Rh1 {[%clk 0:17:01]} Qb6 {[%clk 0:35:12]} 18. O-O-O {[%clk
0:16:48]} Rfc8 {[%clk 0:34:34]} 19. g4 {[%clk 0:12:39]} hxg4 {[%clk 0:31:54]} 20.
Be5 {[%clk 0:07:59]} Bh6+ {[%clk 0:27:51]} 21. f4 {[%clk 0:08:23]} Qa5 {[%clk
0:25:00]} 22. Kd2 {[%clk 0:08:35]} f5 {[%clk 0:16:10]} 23. Rdg1 {[%clk 0:07:03]}
Kf7 {[%clk 0:15:24]} 24. h5 {[%clk 0:03:55]} Rg8 {[%clk 0:15:04]} 25. hxg6+
{[%clk 0:00:44]} Rxg6 {[%clk 0:15:28]} 26. Rg2 {[%clk 0:00:41]} Nf6 {[%clk
0:15:26]} 27. Kc1 {[%clk 0:00:37]} Bf8 {[%clk 0:14:50]} 28. Ne2 {[%clk 0:00:34]}
Qb5 {[%clk 0:11:40]} 29. Qxb5 {[%clk 0:00:42]} axb5 {[%clk 0:12:08]} 30. Rgh2
{[%clk 0:00:35]} b4 {[%clk 0:09:34]} 31. axb4 {[%clk 0:00:52]} Bxb4 {[%clk
0:09:42]} 32. Bxf6 {[%clk 0:00:40]} Kxf6 {[%clk 0:09:50]} 33. Rh7 {[%clk
0:00:47]} Rg7 {[%clk 0:09:58]} 34. Ng3 {[%clk 0:00:57]} Kf7 {[%clk 0:10:05]} 35.
R1h6 {[%clk 0:00:32]} Bd6 {[%clk 0:09:28]} 36. Ne2 {[%clk 0:00:44]} Bf8 {[%clk
0:07:40]} 37. Kd2 {[%clk 0:00:32]} Rxh7 {[%clk 0:07:50]} 38. Rxh7+ {[%clk
0:01:01]} Bg7 {[%clk 0:08:13]} 39. c3 {[%clk 0:00:57]} Rc8 {[%clk 0:08:08]} 40.
Rh1 {[%clk 0:31:09]} Ra8 {[%clk 0:36:54]} 41. Kc2 {[%clk 0:24:00]} Kg6 {[%clk
0:35:20]} 42. Kd3 {[%clk 0:21:50]} Bf8 {[%clk 0:31:44]} 43. Ke3 {[%clk 0:19:01]}
Bd6 {[%clk 0:31:49]} 44. Kd3 {[%clk 0:18:08]} Ra2 {[%clk 0:29:39]} 45. Rb1 {[%clk
0:14:32]} b5 {[%clk 0:25:58]} 46. b4 {[%clk 0:13:50]} Be7 {[%clk 0:23:47]} 47.
Rh1 {[%clk 0:13:24]} Ra3 {[%clk 0:23:14]} 48. Kd2 {[%clk 0:13:12]} Ra8 {[%clk
0:23:16]} 49. Ke3 {[%clk 0:13:14]} Bd6 {[%clk 0:22:55]} 50. Kd3 {[%clk 0:11:51]}
Rg8 {[%clk 0:21:04]} 51. Ke3 {[%clk 0:12:10]} Kf6 {[%clk 0:21:06]} 52. Ng3 {[%clk
0:12:13]} Kg6 {[%clk 0:19:53]} 53. Ne2 {[%clk 0:12:26]} Rg7 {[%clk 0:20:06]} 54.
Ng3 {[%clk 0:10:43]} Rh7 {[%clk 0:19:00]} 55. Rxh7 {[%clk 0:06:13]} Kxh7 {[%clk
0:19:29]} 56. Ne2 {[%clk 0:06:16]} Kg6 {[%clk 0:19:49]} 57. Kf2 {[%clk 0:06:31]}
Kh5 {[%clk 0:20:10]} 58. Kg3 {[%clk 0:05:36]} Be7 {[%clk 0:20:32]} 59. Kg2 {[%clk
0:02:45]} Kh4 {[%clk 0:20:42]} 60. Nc1 {[%clk 0:02:17]} Bd6 {[%clk 0:19:30]} 61.
Nd3 {[%clk 0:00:37]} g3 {[%clk 0:18:47]} 62. Nc5 {[%clk 0:00:46]} Bxf4 {[%clk
0:19:07]} 63. Nxe6 {[%clk 0:01:14]} Bd2 {[%clk 0:19:24]} 64. Nc7 {[%clk 0:01:04]}
f4 {[%clk 0:19:18]} 65. c4 {[%clk 0:00:40]} f3+ {[%clk 0:18:43]} 66. Kxf3 {[%clk
0:01:01]} Kh3 {[%clk 0:19:07]} 67. cxd5 {[%clk 0:00:32]} g2 {[%clk 0:19:29]} 68.
d6 {[%clk 0:00:37]} g1=Q {[%clk 0:19:51]} 69. Ke4 {[%clk 0:00:54]} Bxb4 {[%clk
0:19:32]} 70. Nxb5 {[%clk 0:01:06]} Qg5 {[%clk 0:18:49]} 71. d5 {[%clk 0:01:15]}
Bxd6 {[%clk 0:18:59]} 72. Nxd6 {[%clk 0:01:39]} Qe7+ {[%clk 0:19:26]} 0-1

[Event "Irena Warakomska Memorial A"]
[Site "Suwalki"]
[Date "2021.07.30"]
[Round "5"]
[White "Liberadzki, Slawomir"]
[Black "Wikar, Martyna"]
[Result "1/2-1/2"]
[Board "29"]
[WhiteElo "2022"]
[WhiteCountry "POL"]
[WhiteFideId "1123483"]
[WhiteEloChange "4"]
[BlackElo "2168"]
[BlackCountry "POL"]
[BlackFideId "21807663"]
[BlackEloChange "-4"]

1. c4 {[%clk 1:30:55]} c5 {[%clk 1:29:27]} 2. Nc3 {[%clk 1:31:13]} Nf6 {[%clk
1:29:21]} 3. g3 {[%clk 1:31:35]} d5 {[%clk 1:29:34]} 4. cxd5 {[%clk 1:31:58]}
Nxd5 {[%clk 1:30:01]} 5. Bg2 {[%clk 1:32:21]} Nc7 {[%clk 1:30:19]} 6. Qa4+ {[%clk
1:32:44]} Bd7 {[%clk 1:28:25]} 7. Qb3 {[%clk 1:33:08]} Bc6 {[%clk 1:25:31]} 8.
Bxc6+ {[%clk 1:33:23]} Nxc6 {[%clk 1:23:38]} 9. Qxb7 {[%clk 1:33:41]} Nd4 {[%clk
1:22:49]} 10. Rb1 {[%clk 1:33:46]} e6 {[%clk 1:14:10]} 11. e3 {[%clk 1:33:52]}
Nc2+ {[%clk 1:04:22]} 12. Ke2 {[%clk 1:33:56]} Nb4 {[%clk 1:02:09]} 13. a3 {[%clk
1:34:08]} Rb8 {[%clk 0:45:06]} 14. Qe4 {[%clk 1:33:42]} f5 {[%clk 0:39:13]} 15.
Qc4 {[%clk 1:33:34]} Nc6 {[%clk 0:35:55]} 16. Nf3 {[%clk 1:28:00]} Be7 {[%clk
0:33:41]} 17. Rd1 {[%clk 1:22:18]} O-O {[%clk 0:33:03]} 18. d4 {[%clk 1:19:14]}
Na5 {[%clk 0:33:18]} 19. Qa4 {[%clk 1:18:07]} Nb3 {[%clk 0:30:34]} 20. dxc5
{[%clk 1:11:54]} Nxc1+ {[%clk 0:23:46]} 21. Rdxc1 {[%clk 1:11:10]} Bxc5 {[%clk
0:19:41]} 22. Ne5 {[%clk 0:57:44]} Qg5 {[%clk 0:19:59]} 23. Qc6 {[%clk 0:39:33]}
Qh5+ {[%clk 0:07:46]} 24. Kf1 {[%clk 0:36:40]} f4 {[%clk 0:04:31]} 25. exf4
{[%clk 0:33:53]} Bxf2 {[%clk 0:03:43]} 26. Kxf2 {[%clk 0:33:10]} Qxe5 {[%clk
0:03:48]} 27. Kg2 {[%clk 0:28:17]} Qa5 {[%clk 0:03:44]} 28. b4 {[%clk 0:27:20]}
Qb6 {[%clk 0:03:59]} 29. Na4 {[%clk 0:22:35]} Qxc6+ {[%clk 0:04:23]} 30. Rxc6
{[%clk 0:23:01]} Nb5 {[%clk 0:03:43]} 31. Nc5 {[%clk 0:22:18]} Rfd8 {[%clk
0:02:06]} 32. Nxe6 {[%clk 0:15:52]} Rd2+ {[%clk 0:02:30]} 33. Kh3 {[%clk
0:16:15]} Nxa3 {[%clk 0:02:27]} 34. Rbc1 {[%clk 0:16:21]} Nb5 {[%clk 0:00:51]}
35. Rc8+ {[%clk 0:15:45]} Rxc8 {[%clk 0:01:19]} 36. Rxc8+ {[%clk 0:16:07]} Kf7
{[%clk 0:01:48]} 37. Ng5+ {[%clk 0:16:26]} Kg6 {[%clk 0:01:09]} 38. Rc5 {[%clk
0:13:31]} a6 {[%clk 0:00:43]} 39. Rc6+ {[%clk 0:05:48]} Rd6 {[%clk 0:01:07]} 40.
Rxd6+ {[%clk 0:36:10]} Nxd6 {[%clk 0:31:34]} 41. Ne6 {[%clk 0:36:17]} Nb7 {[%clk
0:24:45]} 42. Nf8+ {[%clk 0:36:11]} Kf5 {[%clk 0:19:58]} 43. Nxh7 {[%clk
0:36:31]} Nd8 {[%clk 0:20:19]} 44. Kg2 {[%clk 0:35:37]} Nc6 {[%clk 0:20:36]} 45.
Kf3 {[%clk 0:35:42]} Nd4+ {[%clk 0:18:59]} 46. Kf2 {[%clk 0:35:01]} Nc2 {[%clk
0:18:36]} 47. Ng5 {[%clk 0:35:14]} Nxb4 {[%clk 0:18:03]} 48. Kf3 {[%clk 0:35:36]}
a5 {[%clk 0:16:51]} 49. g4+ {[%clk 0:35:54]} Kg6 {[%clk 0:16:13]} 50. h4 {[%clk
0:34:25]} a4 {[%clk 0:15:33]} 51. h5+ {[%clk 0:34:29]} Kh6 {[%clk 0:14:26]} 52.
Ne4 {[%clk 0:32:09]} a3 {[%clk 0:13:31]} 53. Nc3 {[%clk 0:32:27]} a2 {[%clk
0:13:17]} 54. Nxa2 {[%clk 0:32:54]} Nxa2 {[%clk 0:13:43]} 55. Kg3 {[%clk
0:33:14]} Nc3 {[%clk 0:11:36]} 56. Kh4 {[%clk 0:33:33]} Nd5 {[%clk 0:08:56]} 57.
g5+ {[%clk 0:33:36]} Kh7 {[%clk 0:09:22]} 58. f5 {[%clk 0:33:54]} Ne3 {[%clk
0:07:16]} 1/2-1/2

[Event "Irena Warakomska Memorial A"]
[Site "Suwalki"]
[Date "2021.07.30"]
[Round "5"]
[White "Kacprzak, Karol"]
[Black "Valantiejus, Vaidotas"]
[Result "1/2-1/2"]
[Board "30"]
[WhiteElo "2151"]
[WhiteCountry "POL"]
[WhiteFideId "21819327"]
[WhiteEloChange "-1"]
[BlackElo "2124"]
[BlackCountry "LTU"]
[BlackFideId "12807370"]
[BlackEloChange "1"]

1. d4 {[%clk 1:30:56]} d5 {[%clk 1:29:31]} 2. c4 {[%clk 1:31:10]} e6 {[%clk
1:29:50]} 3. Nc3 {[%clk 1:30:51]} c5 {[%clk 1:30:00]} 4. cxd5 {[%clk 1:30:47]}
exd5 {[%clk 1:30:27]} 5. Nf3 {[%clk 1:30:54]} Nc6 {[%clk 1:30:49]} 6. dxc5 {[%clk
1:30:23]} d4 {[%clk 1:31:00]} 7. Na4 {[%clk 1:30:21]} Bxc5 {[%clk 1:31:13]} 8.
Nxc5 {[%clk 1:30:37]} Qa5+ {[%clk 1:31:38]} 9. Bd2 {[%clk 1:30:53]} Qxc5 {[%clk
1:32:02]} 10. Rc1 {[%clk 1:30:38]} Qb6 {[%clk 1:31:56]} 11. e3 {[%clk 1:30:55]}
Nf6 {[%clk 1:26:20]} 12. Bc4 {[%clk 1:30:50]} O-O {[%clk 1:26:05]} 13. O-O {[%clk
1:30:52]} Bg4 {[%clk 1:16:28]} 14. exd4 {[%clk 1:30:59]} Rad8 {[%clk 1:04:32]}
15. Bc3 {[%clk 1:31:05]} Ne5 {[%clk 0:59:11]} 16. Be2 {[%clk 1:31:24]} Nxf3+
{[%clk 0:59:09]} 17. Bxf3 {[%clk 1:31:41]} Bxf3 {[%clk 0:59:32]} 18. Qxf3 {[%clk
1:32:04]} Nd5 {[%clk 0:59:37]} 19. Rfe1 {[%clk 1:21:07]} h6 {[%clk 0:56:00]} 20.
Re5 {[%clk 1:14:10]} Qd6 {[%clk 0:55:33]} 21. Rce1 {[%clk 1:10:51]} Qc6 {[%clk
0:51:04]} 22. h3 {[%clk 0:59:28]} Rd6 {[%clk 0:50:31]} 23. Rf5 {[%clk 0:58:08]}
Qd7 {[%clk 0:47:27]} 24. Rfe5 {[%clk 0:49:44]} Qc6 {[%clk 0:42:12]} 25. Rf5
{[%clk 0:30:23]} Qd7 {[%clk 0:42:32]} 26. Qe4 {[%clk 0:28:00]} Nf6 {[%clk
0:38:39]} 27. Qe7 {[%clk 0:25:42]} Qxf5 {[%clk 0:38:08]} 28. Qxd6 {[%clk
0:26:06]} Ne4 {[%clk 0:38:09]} 29. Qe5 {[%clk 0:17:15]} Qxf2+ {[%clk 0:38:21]}
30. Kh2 {[%clk 0:17:21]} Nxc3 {[%clk 0:28:59]} 31. bxc3 {[%clk 0:17:44]} Qxa2
{[%clk 0:29:12]} 32. d5 {[%clk 0:14:57]} Rd8 {[%clk 0:28:13]} 33. d6 {[%clk
0:12:29]} Qe6 {[%clk 0:27:15]} 34. Qxe6 {[%clk 0:11:53]} fxe6 {[%clk 0:27:43]}
35. Rxe6 {[%clk 0:11:50]} Rd7 {[%clk 0:27:58]} 36. Re8+ {[%clk 0:08:36]} Kf7
{[%clk 0:26:21]} 37. Ra8 {[%clk 0:08:32]} b6 {[%clk 0:26:33]} 38. Kg3 {[%clk
0:08:10]} Ke6 {[%clk 0:26:56]} 39. Kf4 {[%clk 0:08:20]} Kxd6 {[%clk 0:26:57]} 40.
Kf5 {[%clk 0:37:08]} a5 {[%clk 0:56:35]} 41. h4 {[%clk 0:35:56]} Rf7+ {[%clk
0:52:55]} 42. Kg6 {[%clk 0:33:40]} Rf4 {[%clk 0:53:13]} 43. Kh5 {[%clk 0:33:39]}
g6+ {[%clk 0:45:12]} 44. Kxh6 {[%clk 0:31:33]} Rg4 {[%clk 0:45:07]} 45. Rc8
{[%clk 0:27:22]} Rxg2 {[%clk 0:44:59]} 46. Rg8 {[%clk 0:26:57]} a4 {[%clk
0:41:58]} 47. h5 {[%clk 0:26:56]} a3 {[%clk 0:42:16]} 48. hxg6 {[%clk 0:26:50]}
Rh2+ {[%clk 0:40:58]} 49. Kg5 {[%clk 0:19:08]} Rg2+ {[%clk 0:32:16]} 50. Kh6
{[%clk 0:18:01]} Rh2+ {[%clk 0:26:33]} 51. Kg5 {[%clk 0:17:15]} Ke5 {[%clk
0:26:33]} 1/2-1/2